| 000 | 01105cam a2200241 4500 | ||
|---|---|---|---|
| 001 | ##E134906 | ||
| 008 | 060821n2005 000 0 eng u | ||
| 020 | _a0755939158 | ||
| 035 | _a(Sirsi) u134906 | ||
| 041 | 0 | _aeng | |
| 050 | 0 | 4 | _a711.1 $2 18 |
| 110 | 2 |
_aScotland _bScottish Executive _bDevelopment Department |
|
| 245 | 0 | 0 |
_aScottish Planning Policy SPP 20 _brole of architecture and design scotland |
| 260 |
_aEdinburgh _bScottish Executive Development Department _c2005 |
||
| 300 |
_a8p. _c30cm. |
||
| 490 | 0 | _aScottish Planning Policies | |
| 520 | _aDraws together and reinforces the Scottish Executive's published design policy commitments and sets out the role of Architecture and Design Scotland. Good architecture and quality environments are placed at the forefront of the planning and development process. | ||
| 650 | 2 | 4 | _aSPP20 |
| 651 | 4 |
_aScotland _y1999- |
|
| 690 | _aBUILT ENVIRONMENT-CONSTRUCTION DESIGN-ARCHITECTURAL DESIGN | ||
| 856 | 4 | 0 |
_uhttps://www.scotland.gov.uk/Publications/2005/02/20748/53364 _vView the document free of charge at www.scotland.gov.uk... |
| 942 | _n0 | ||
| 999 |
_c105841 _d105841 |
||